Statistiques concernant Particules élémentaires du modèle standard

Cliquez ici pour prendre le quiz!

Statistiques générales

  • Ce quiz a été pris 243 fois
  • Le résultat moyen est 8 sur 17

Statistiques - réponses

Particule% Correct
Électron
79%
Boson de Higgs
78%
Down
70%
Up
70%
Photon
63%
Charm
49%
Strange
49%
Bottom
48%
Muon
47%
Gluon
46%
Top
43%
Boson Z
36%
Boson W
35%
Tau
32%
Neutrino muonique
24%
Neutrino tauique
24%
Neutrino électronique
23%

Distribution des résultats

Percentile par nombre de réponses

% des personnes avec chaque résultat

Votre développement - résultats

Vous n’avez pas pris ce quiz